ARRUPE JESUIT UNIVERSITY

CORONAVIRUS -STOP THE SPREAD - CLEAN,DISINFECT,COVER

Treason Trial, 1985 / (Record no. 125381)

MARC details
000 -LEADER
fixed length control field 01166nam a2200301 a 4500
001 - CONTROL NUMBER
control field 4855827
003 - CONTROL NUMBER IDENTIFIER
control field ARRUPE
005 - DATE AND TIME OF LATEST TRANSACTION
control field 20160929114927.0
008 - FIXED-LENGTH DATA ELEMENTS--GENERAL INFORMATION
fixed length control field 910130s1989 sa 000 0 eng
010 ## - LIBRARY OF CONGRESS CONTROL NUMBER
LC control number 91110772
020 ## - INTERNATIONAL STANDARD BOOK NUMBER
International Standard Book Number 0620131594
040 ## - CATALOGING SOURCE
Original cataloging agency DLC
Transcribing agency DLC
043 ## - GEOGRAPHIC AREA CODE
Geographic area code f-sa---
050 00 - LIBRARY OF CONGRESS CALL NUMBER
Classification number KTL41.U55
Item number T74 1989
082 00 - DEWEY DECIMAL CLASSIFICATION NUMBER
Classification number 345.684/55/0231
-- 346.845505231
Edition number 20
300 ## - PHYSICAL DESCRIPTION
Dimensions 21 cm.
245 00 - TITLE STATEMENT
Title Treason Trial, 1985 /
Statement of responsibility, etc edited by Fatima Meer ; researches-trial by Sooraya Jawoodeen ... [et al.] ; researches-biographies, Sooraya Jawoodeen, Cheryl Roberts.
260 ## - PUBLICATION, DISTRIBUTION, ETC. (IMPRINT)
Place of publication, distribution, etc [Durban] :
Name of publisher, distributor, etc Madiba Publications,
Date of publication, distribution, etc 1989.
300 ## - PHYSICAL DESCRIPTION
Extent 177 p. ;
610 20 - SUBJECT ADDED ENTRY--CORPORATE NAME
Corporate name or jurisdiction name as entry element United Democratic Front (South Africa)
Geographic subdivision Trials, litigation, etc.
9 (RLIN) 26289
650 #0 - SUBJECT ADDED ENTRY--TOPICAL TERM
Topical term or geographic name as entry element Trials (Treason)
Geographic subdivision South Africa
-- Durban.
9 (RLIN) 26290
650 #0 - SUBJECT ADDED ENTRY--TOPICAL TERM
Topical term or geographic name as entry element Apartheid
Geographic subdivision South Africa.
9 (RLIN) 26291
700 1# - ADDED ENTRY--PERSONAL NAME
Personal name Meer, Fatima.
9 (RLIN) 26292
Relator term ed.
700 1# - ADDED ENTRY--PERSONAL NAME
Personal name Jawoodeen, Sooraya.
9 (RLIN) 26293
700 1# - ADDED ENTRY--PERSONAL NAME
Personal name Roberts, Cheryl.
9 (RLIN) 26294
906 ## - LOCAL DATA ELEMENT F, LDF (RLIN)
a 7
b cbc
c orignew
d 2
e ncip
f 19
g y-gencatlg
942 ## - ADDED ENTRY ELEMENTS (KOHA)
Source of classification or shelving scheme Library of Congress Classification
Koha item type Monograph ( Printed materials)
Holdings
Withdrawn status Lost status Source of classification or shelving scheme Damaged status Not for loan Collection code Home library Current library Shelving location Date acquired Total Checkouts Full call number Barcode Date last seen Price effective from Koha item type
    Library of Congress Classification     Main Collection ARRUPE LIBRARY ARRUPE LIBRARY Main Collection 28/09/2016   KTL41.U55 T74 1989 46500010671 28/09/2016 28/09/2016 Monograph ( Printed materials)

 

Arrupe Library. PO Box MP320 Mt Pleasant, Harare, Zimbabwe
263 242 745411|librarian@aju.ac.zw